The Development of University-Based Entrepreneurship Ecosystems : Global Practices /

Tallennettuna:
Bibliografiset tiedot
Muut tekijät: Fetters, Michael L. (edición) (edición)
Aineistotyyppi: Kirja
Kieli:englanti
Julkaistu: Cheltenham, Inglaterra : Edward Elgar, 2010, c2010
Aiheet:
Tagit: Lisää tagi
Ei tageja, Lisää ensimmäinen tagi!

MARC

LEADER 00000nam^a2200000^a^4500
001 000350399
005 20250521000000.0
009 20260310114939.707
020 |a 978-1-84980-263-5 
037 |a Acervo ITESO - Biblioteca 
041 |a ING 
082 |a 378. 103  |b DEV 
245 0 4 |a The Development of University-Based Entrepreneurship Ecosystems :  |b Global Practices /  |c Ed. de M.L. Fetters... [et al.]. 
264 4 |a Cheltenham, Inglaterra :  |b Edward Elgar,  |c 2010, c2010 
300 |a XII, 203 p. 
336 |a texto  |b txt  |2 rdacontenido 
337 |a sin mediación  |b n  |2 rdamedio 
338 |a volumen  |b nc  |2 rdasoporte 
649 |a XX 
650 |a Emprendedores (Empresarios) 
650 |a Incubadoras de Empresas -  |x Tema Principal 
650 |a Formación de Empresas 
650 |a Desarrollo Tecnológico 
650 |a Educación y Desarrollo 
650 |a Ciencia y Desarrollo 
650 |a Investigación -  |x Aspectos Económicos 
650 |a Sector Productivo y Educación 
650 |a Educación Superior 
700 |a Fetters, Michael L.  |e (edición) 
910 |a Fondo General 
920 |a Impresos - Libros 
930 |a Colección General 
905 |a 101 
901 |a 0500240764  |b IT1  |c ACC  |i C145177  |u 20250521 
902 |a https://opac.biblio.iteso.mx/vufind/Record/000350399